殺手,勢如破竹的勇氣
| 資料類型: | 圖書 | 書目號: | 51142 |
Leader xxxxxxxxxx 001 __ 102471/4/01 005 __ 20170410105904.263 010 0_ |a978-986-94288-2-8|b平裝|d新臺幣399元 020 __ |atw|b106000455 042 __ |anbic 100 __ |a20170410d2017 k y0chiy50 e 101 0_ |achi 102 __ |atw 105 __ |ay z 000ay 200 1_ |a殺手,勢如破竹的勇氣|f九把刀著 205 __ |a初版四十五刷 210 __ |a臺北市|c春天出版國際|d2017[民106] 215 0_ |a447面|d21公分 225 12 |a九把刀電影院|v20 700 _0 |a九把刀|4著 681 __ |a857.7|b8656 801 _0 |atw|bLibDipper|c20170410|gCCR |